FNAF 1 Animatronique - Statistiques

Statistiques générales
  • Ce quiz a été pris 235 fois
  • Le résultat moyen est 5 sur 6
Statistiques - réponses
Type de quiz Réponse % Correct
Animatronique Classique Freddy Fazbear
100%
Animatronique Classique Bonnie
99%
Animatronique Classique Chica
99%
Animatronique Classique Foxy
98%
Costume à ressorts Golden Freddy
82%
Endosquelette Endo-01
60%
Aucun quiz correspondant
Distribution des résultats
% des personnes avec chaque résultat
Percentile par nombre de réponses
Votre historique - résultats
Vous n’avez pas pris ce quiz